| 000 | 00535cam a2200205ua 4500 | ||
|---|---|---|---|
| 020 |
_a0-07-451955-8 _c21.00 |
||
| 041 |
_aeng _h |
||
| 082 |
_a690 _bART/BU |
||
| 100 | _aArthanari, S. | ||
| 245 |
_aBuilding technology and valuation / _cS Arthanari. _hTextual Documents |
||
| 250 |
_a1 / _b. |
||
| 260 |
_aNew Delhi : _bTata Mc-Graw Hill Publishing Company , _c1983. |
||
| 300 |
_a257 : _b` ; . |
||
| 365 | _a21.00 | ||
| 504 | _a | ||
| 942 | _cBK | ||
| 999 |
_c1796 _d1796 |
||